Normal view
MARC view
- Muhammad Badar Munir
Entry Personal Name
001 - CONTROL NUMBER
- control field: 47670
003 - CONTROL NUMBER IDENTIFIER
- control field: NUST
005 - DATE AND TIME OF LATEST TRANSACTION
- control field: 20210314133859.0
008 - FIXED-LENGTH DATA ELEMENTS
- fixed length control field: 210314|| aca||aabn | a|a d
040 ## - CATALOGING SOURCE
- Original cataloging agency: NUST
- Transcribing agency: NUST
100 ## - HEADING--PERSONAL NAME
- Personal name: Muhammad Badar Munir
670 ## - SOURCE DATA FOUND
- Source citation: Work cat.: (NUST): Muhammad Badar Munir., Analysis of rutted road section/, 2010-2014.
